|
|
|
|
| LEADER |
00000cam a2200000 7i4500 |
| 001 |
0000015523 |
| 005 |
20080328.0 |
| 008 |
080328 |
| 020 |
|
|
|a 9812325441
|
| 090 |
0 |
0 |
|a 959.8
|b IND
|
| 245 |
1 |
0 |
|a Indonesia matters :
|b diversity, unity, and stability in fragile times
|c edited by Thang D. Nguyen and Frank-Jurgen Richter
|
| 260 |
|
|
|a Singapore :
|b Times Editions ,
|c 2003
|
| 650 |
|
0 |
|a Indonesia
|x economic conditions
|
| 650 |
|
0 |
|a Indonesia
|x politics and government
|
| 650 |
|
0 |
|a Indonesia
|x social conditions
|
| 999 |
|
|
|a 0001018115
|b Book
|c REFERENCE
|e Cawangan Mersing
|
| 999 |
|
|
|a 0001018116
|b Book
|c REFERENCE
|e Perbadanan Perpustakaan Awam Johor
|
| 999 |
|
|
|a 0001018117
|b Book
|c Adult Collection
|e Cawangan Urban Transformation Centre
|
| 999 |
|
|
|a 0001018119
|b Book
|c REFERENCE
|e Cawangan Mersing
|